Statistiques concernant Classes préparatoires scientifiques : thèmes de français

Cliquez ici pour prendre le quiz!

Statistiques générales

  • Ce quiz a été pris 23 fois
  • Le résultat moyen est 6 sur 35

Statistiques - réponses

AnnéeThème% Correct
2022-2023Le travail
77%
2021-2022L'enfance
73%
2023-2024Faire croire
55%
2018-2019L'amour
50%
2020-2021La force de vivre
45%
2019-2020La démocratie
41%
2014-2015La guerre
18%
2009-2010L'argent
18%
2017-2018L'aventure
18%
1995-1996La ville
18%
1989-1990L'Histoire
14%
1998-1999Expériences du présent
9%
1997-1998Humain et inhumain
9%
2011-2012La justice
9%
2004-2005L'animal et l'homme
9%
2002-2003La paix
9%
2012-2013La parole
9%
1991-1992La passion amoureuse
9%
2005-2006La recherche du bonheur
9%
2010-2011Le mal
9%
2008-2009Les énigmes du moi
9%
2016-2017Servitude et soumission
9%
2001-2002L'amitié
5%
1992-1993L'autre et l'ailleurs
5%
2000-2001L'héroïsme
5%
1993-1994L'œuvre d'art
5%
2003-2004Mesure et démesure
5%
2007-2008Penser l'histoire
5%
1999-2000Savoir et ignorer
5%
1994-1995Figures du pouvoir
0%
1996-1997L'écriture de soi
0%
2015-2016Le monde des passions
0%
2013-2014Le temps vécu
0%
1990-1991L'Hymne à l'Univers
0%
2006-2007Puissances de l'imagination
0%

Distribution des résultats

Percentile par nombre de réponses

% des personnes avec chaque résultat

Votre développement - résultats

Vous n’avez pas pris ce quiz